Logo BPK

Bibliografia Prac Pracowników

Politechniki Koszalińskiej

Możliwości sterowania własnościami warstwy wierzchniej poprzez zmianę wartości parametrów technologicznych nagniatania tocznego z prądem / (Rekord nr 451)

Szczegóły MARC
000 -ETYKIETA REKORDU
podpole kontrolne o stałej długości 01345naa a2200229 i 4500
001 - NUMER KONTROLNY REKORDU
podpole kontrolne BPP
003 - IDENTYFIKATOR NUMERU KONTROLNEGO REKORDU
podpole kontrolne BPK
005 - DATA OSTATNIEJ MODYFIKACJI REKORDU
podpole kontrolne 20160108121753.0
008 - POLE O STAŁEJ DŁUGOŚCI - DANE KONTROLNE
podpole kontrolne o stałej długości 141101s1981 pl f |100 0 pol
040 ## - ŹRÓDŁO KATALOGOWANIA
Instytucja, która utworzyła rekord BPK
100 ## - NAZWA OSOBOWA
Nazwa osobowa KUKIEŁKA, Leon.
Lata pracy 1974 - 1996.
Instytucja Wyższa Szkoła Inżynierska w Koszalinie - Instytut Konstrukcji i Eksploatacji Maszyn,
Wydział Zakład Maszyn i Urządzeń Rolniczych
245 ## - TYTUŁ/ODPOWIEDZIALNOŚĆ
Tytuł Możliwości sterowania własnościami warstwy wierzchniej poprzez zmianę wartości parametrów technologicznych nagniatania tocznego z prądem /
Pozostałe elementy strefy tytułu i oznaczenia odpowiedzialności Leon Kukiełka, Kazimierz Wieczorowski.
260 ## - STREFA ADRESU WYDAWNICZEGO
Data publikacji, dystrybucji/powstania dokumentu 1981.
500 ## - UWAGI OGÓLNE
Tekst uwagi Dane z kartoteki bpp.
650 #0 - HASŁO PRZEDMIOTOWE W FORMIE NAZWY OGÓLNEJ LUB JEDNOSTKOWEJ
Nazwa ogólna lub geograficzna Naprężenia i odkształcenia.
650 #0 - HASŁO PRZEDMIOTOWE W FORMIE NAZWY OGÓLNEJ LUB JEDNOSTKOWEJ
Nazwa ogólna lub geograficzna Struktura geometryczna powierzchni.
655 #0 - TERMIN INDEKSOWY - OKREŚLENIE RODZAJU/FORMY DOKUMENTU
Określnie rodzaju/formy dokumentu Materiały konferencyjne.
700 ## - HASŁO DODATKOWE - NAZWA OSOBOWA
Nazwa osobowa WIECZOROWSKI, Kazimierz - doktorant.
Instytucja Wyższa Szkoła Inżynierska - Instytut Konstrukcji i Eksploatacji Maszyn,
Wydział Zakład Maszyn i Urządzeń Rolniczych
711 ## - HASŁO DODATKOWE - NAZWA IMPREZY
Nazwa imprezy Ogólnopolska Konferencja Naukowo-Techniczna nt. Wpływ technologii na stan warstwy wierzchniej
Oznaczenie części/sekcji dzieła (4 ;
Data imprezy 1981.10.23-26 ;
Miejsce imprezy Gorzów Wlkp.-Lubniewice, Polska).
773 ## - TYTUŁ DOKUMENTU MACIERZYSTEGO
Wyrażenie wprowadzające W :
Tytuł Wpływ technologii na stan warstwy wierzchniej : Materiały IV Ogólnopolskiej Konferencji Naukowo-Technicznej. -
Adres wydawniczy Gorzów Wlkp. : OBiK TWWP, 1981. -
Informacje dotyczące relacji s. 361-378
942 ## - HASŁO DODATKOWE - ELEMENTY(KOHA)
Typ dokumentu Artykuł
Schemat klasyfikacji Uniwersalna klasyfikacja dziesiętna

Brak dostępnych egzemplarzy.

© 2014 Biblioteka Politechniki Koszalińskiej :: BIBLIOGRAFIA PRAC PRACOWNIKÓW